000 00301 a2200121 4500
005 20250627130414.0
020 _a978-0-07-351179-5
082 _a349.73 BEN
100 _aBENTON, S. D
245 _aIntroduction to the Law for Paralegals
260 _aBoston
_bMcGraw-Hill Irwin
_c2008.
942 _2ddc
_cBKS
999 _c5644
_d5644